Statistics for Greek mythology quiz

Click here to take the quiz!

General Stats

  • This quiz has been taken 1,420 times
  • The average score is 13 of 16

Answer Stats

Hint Answer % Correct
Greek god of the sky, Ruler of the godsZeus
98%
Mythical creature with snaked for hair, could turn people to stoneMedusa
97%
Ruler of the UnderworldHades
96%
Greek Goddess of WisdomAthena
95%
God of the seaPoseidon
95%
Goddess of loveAphrodite
93%
Goddess of marriage, married to ZeusHera
92%
God of messengersHermes
90%
God of warAres
90%
Half-Bull, half humanMinotaur
87%
Lord of time, king of the titans.Kronos
78%
God of the vine, of wineDionysus
77%
His touch turned anything to goldMidas
75%
God of the blacksmithHephaestus
67%
Goddess of the hearthHestia
61%
God of deathThantos
14%

Score Distribution

Percentile by Number Answered

Percent of People with Each Score

Your Score History

You have not taken this quiz